[Event "Dos Hermanas"]
[Site "?"]
[Date "2003.03.15"]
[Round "6"]
[White "Wojtkiewicz Aleksander"]
[Black "Ricardi Pablo"]
[Result "1/2-1/2"]
[WhiteElo "2766"]
[BlackElo "2552"]
[PlyCount "128"]
[EventDate "2003.??.??"]
[Source "www.chesslib.no"]
[SourceDate "2004.05.04"]

1. Nf3 Nf6 2. c4 g6 3. d4 Bg7 4. g3 O-O 5. Bg2 d5 6. cxd5 Nxd5 7. O-O Nc6 8. e4 Nb6 9. d5 Na5 10. Qe1 Nac4 11. Nc3 c6 12. b3 Nd6 13. Bg5 h6 14. Bd2 cxd5 15. exd5 Bf5 16. Qe2 Rc8 17. Rac1 Qd7 18. Ne5 Qd8 19. Rfe1 Nd7 20. Nf3 Nc5 21. Ne5 Kh7 22. g4 Bd7 23. h3 Be8 24. Qf3 f5 25. Qg3 Nce4 26. Nxe4 Rxc1 27. Bxc1 Nxe4 28. Rxe4 fxe4 29. Bxe4 Qa5 30. Kg2 e6 31. Nc4 Qc3 32. Be3 exd5 33. Bxd5 b5 34. Nd2 Bc6 35. Qd6 Rf6 36. Qd8 Bxd5+ 37. Qxd5 Qc6 38. Qe4 Qxe4+ 39. Nxe4 Ra6 40. h4 Rxa2 41. Nd6 a6 42. Nb7 Bf8 43. Nd8 Rb2 44. Ne6 Bd6 45. g5 h5 46. Kf3 Rxb3 47. Ke4 a5 48. Kd5 Be7 49. Kc6 b4 50. Kd7 Rxe3 51. fxe3 b3 52. Kxe7 b2 53. Kf7 b1=Q 54. Nf8+ Kh8 55. Nxg6+ Kh7 56. Nf8+ Kh8 57. Ng6+ Kh7 58. Nf8+ Kh8 59. Ng6+ Kh7 60. Nf8+ Kh8 61. Ng6+ Kh7 62. Nf8+ Kh8 63. Ng6+ Kh7 64. Nf8+ Kh8 1/2-1/2

[Event "Reykjavik ISL"]
[Site "?"]
[Date "2006.03.16"]
[Round "5.2"]
[White "Stefansson Hannes"]
[Black "Sutovsky Emil"]
[Result "1/2-1/2"]
[WhiteElo "2585"]
[BlackElo "2624"]
[PlyCount "131"]
[EventDate "2006.??.??"]
[Source "www.chesslib.no"]
[SourceDate "2004.05.04"]

1. d4 Nf6 2. c4 g6 3. Nf3 Bg7 4. g3 d5 5. cxd5 Nxd5 6. Bg2 O-O 7. O-O c5 8. e4 Nf6 9. e5 Nd5 10. dxc5 Na6 11. Nc3 Nxc3 12. bxc3 Qa5 13. Be3 Nxc5 14. Qd5 b6 15. Qxa8 Be6 16. Qc6 Rc8 17. Qxc8+ Bxc8 18. Rad1 Ne6 19. Nd4 Nxd4 20. cxd4 Ba6 21. Rfe1 Bc4 22. Rc1 e6 23. Bf1 b5 24. Bxc4 bxc4 25. Re2 Qd5 26. Rec2 h5 27. h4 c3 28. a3 Bf8 29. Rxc3 Kg7 30. Bg5 Qxd4 31. Bf6+ Kh6 32. Rc7 Bxa3 33. R1c3 Bf8 34. Bg5+ Kg7 35. Rf3 Kg8 36. Rcxf7 Bg7 37. Re7 Qxe5 38. Rxa7 Qe1+ 39. Kg2 Qe4 40. Raa3 Bd4 41. Rab3 Bc5 42. Be3 Be7 43. Bg5 Bd6 44. Rbe3 Qc4 45. Rf6 Qd5+ 46. Kh2 Bc5 47. Rexe6 Bd4 48. Re8+ Kg7 49. Re7+ Kg8 50. Rff7 Qa2 51. Bh6 Qxf7 52. Rxf7 Kxf7 53. Kg2 Ke6 54. Be3 Be5 55. f3 Kf5 56. Kh3 Bd6 57. g4+ Ke6 58. Kg2 Kd5 59. Bg5 Kc4 60. Bf6 Kd3 61. Bg5 Ke2 62. Bf6 Bc7 63. Bg5 Be5 64. Be7 Bf4 65. Bf6 Ke3 66. Bg5 1/2-1/2

[Event "Moscow RUS"]
[Site "?"]
[Date "2005.02.23"]
[Round "9"]
[White "Najer Evgeniy"]
[Black "Nepomniashchy Yan"]
[Result "1/2-1/2"]
[WhiteElo "2624"]
[BlackElo "2483"]
[PlyCount "80"]
[EventDate "2005.??.??"]
[Source "www.chesslib.no"]
[SourceDate "2004.05.04"]

1. d4 Nf6 2. Nf3 g6 3. c4 Bg7 4. g3 O-O 5. Bg2 d5 6. cxd5 Nxd5 7. O-O c5 8. e4 Nf6 9. e5 Nd5 10. dxc5 Na6 11. a3 Nxc5 12. b4 Ne6 13. Qb3 Nb6 14. Rd1 Qc7 15. Nc3 Bd7 16. a4 Bc6 17. Nb5 Qb8 18. Be3 Nd7 19. Rac1 a6 20. Rxc6 bxc6 21. Nbd4 Nxd4 22. Nxd4 Nxe5 23. Nxc6 Nxc6 24. Bxc6 Ra7 25. Bxa7 Qxa7 26. Rd7 Qb6 27. Qc4 Bf6 28. a5 Qb8 29. Bb7 Qe5 30. Kg2 h5 31. h4 Qf5 32. Rd5 Qe6 33. Rc5 Qe1 34. Bxa6 Kg7 35. Rc8 Rxc8 36. Bxc8 Qd2 37. Qf4 Qd5+ 38. Qf3 Qc4 39. a6 Bd4 40. Bd7 Qxa6 1/2-1/2

[Event "RUS-Cup3"]
[Site "Omsk"]
[Date "1996.??.??"]
[Round "8"]
[White "Fominyh, Alexander"]
[Black "Dvoirys, Semen I"]
[Result "0-1"]
[WhiteElo "2535"]
[BlackElo "2570"]
[PlyCount "80"]
[EventDate "1996.12.13"]
[Source "ChessBase"]
[SourceDate "1997.04.10"]

1. d4 Nf6 2. c4 g6 3. g3 Bg7 4. Bg2 d5 5. cxd5 Nxd5 6. Nf3 O-O 7. O-O Nc6 8. e4 Nb6 9. d5 Na5 10. Qe1 Nac4 11. Nc3 e6 12. b3 Qf6 13. bxc4 Qxc3 14. Qxc3 Bxc3 15. Rb1 exd5 16. cxd5 Re8 17. Rb3 Bg7 18. Re1 c6 19. Bf4 cxd5 20. exd5 Bf5 21. Be5 Bxe5 22. Nxe5 f6 23. Nd3 Rxe1+ 24. Nxe1 Kf7 25. f4 Ke7 26. d6+ Kxd6 27. Bxb7 Re8 28. Kf2 Nc4 29. Bf3 a5 30. g4 Be4 31. Be2 Bd5 32. Rd3 Kc5 33. Nc2 Nd6 34. Ra3 Kb6 35. Ne3 Bf7 36. Rd3 Ne4+ 37. Kf3 Bxa2 38. Rd4 Nc3 39. Rd6+ Kc5 40. Rxf6 Rxe3+ 0-1

[Event "Moscow RUS"]
[Site "?"]
[Date "2005.02.15"]
[Round "1"]
[White "Kotsur Pavel"]
[Black "Nepomniashchy Yan"]
[Result "1-0"]
[WhiteElo "2598"]
[BlackElo "2483"]
[PlyCount "133"]
[EventDate "2005.??.??"]
[Source "www.chesslib.no"]
[SourceDate "2004.05.04"]

1. d4 Nf6 2. Nf3 g6 3. c4 Bg7 4. g3 O-O 5. Bg2 d5 6. cxd5 Nxd5 7. O-O c5 8. e4 Nf6 9. e5 Nd5 10. dxc5 Na6 11. a3 Nxc5 12. b4 Ne6 13. Qb3 b6 14. Rd1 Bb7 15. Nc3 Nec7 16. Bb2 Qd7 17. Ng5 Rad8 18. Rd2 h6 19. Rad1 hxg5 20. Nxd5 Nxd5 21. Bxd5 Bxd5 22. Qxd5 Qf5 23. Qxd8 Rxd8 24. Rxd8+ Kh7 25. Rc1 g4 26. Bc3 Qf3 27. Rc8 e6 28. Rc7 Bh6 29. Re1 Kg7 30. b5 Qd5 31. Bb4 Bd2 32. Bxd2 Qxd2 33. Rf1 Qe2 34. a4 a6 35. bxa6 Qxa6 36. Rfc1 Qxa4 37. R7c4 Qa3 38. Re1 Qa5 39. Rd1 Qxe5 40. Rxg4 Qe2 41. Rgd4 e5 42. R4d2 Qb5 43. Rd5 Qb3 44. R5d3 Qb5 45. Re3 Kf6 46. Ree1 Qc6 47. Rc1 Qd5 48. Rb1 b5 49. Rb4 Qd3 50. Reb1 e4 51. R1b3 Qd1+ 52. Kg2 Kg5 53. Rxb5+ f5 54. h3 Qe2 55. Rb6 Qc4 56. Ra3 e3 57. Rxe3 Qd5+ 58. Kh2 Qd2 59. Rf3 Qd1 60. Rf4 Qf1 61. Rd6 Qe2 62. Kg2 Qb2 63. Rc4 Kh5 64. Rc7 f4 65. gxf4 Qh8 66. Rd8 Qh6 67. Rcc8 1-0

[Event "Sibenik"]
[Site "?"]
[Date "2006.09.27"]
[Round "6.2"]
[White "Ruck Robert"]
[Black "Mihaljcisin Adrian"]
[Result "1/2-1/2"]
[WhiteElo "2523"]
[BlackElo "2543"]
[PlyCount "22"]
[EventDate "2006.??.??"]
[Source "www.chesslib.no"]
[SourceDate "2004.05.04"]

1. Nf3 Nf6 2. g3 d5 3. Bg2 g6 4. O-O Bg7 5. c4 O-O 6. cxd5 Nxd5 7. d4 Nc6 8. Nc3 Nxc3 9. bxc3 e5 10. e3 Bg4 11. Qa4 Qd7 1/2-1/2

[Event "New York op"]
[Site "New York"]
[Date "1990.??.??"]
[Round "2"]
[White "Tukmakov, Vladimir B"]
[Black "Djuric, Stefan"]
[Result "1/2-1/2"]
[WhiteElo "2570"]
[BlackElo "2495"]
[PlyCount "32"]
[EventDate "1990.04.??"]
[Source "ChessBase"]

1. d4 Nf6 2. c4 g6 3. Nf3 Bg7 4. g3 O-O 5. Bg2 d5 6. cxd5 Nxd5 7. O-O Nc6 8. Nc3 Nxc3 9. bxc3 Na5 10. Bf4 b6 11. Qd3 Bb7 12. e4 e5 13. Bxe5 Re8 14. Bxg7 Bxe4 15. Qd1 Kxg7 16. Re1 Bd5 1/2-1/2

[Event "Chigorin mem"]
[Site "St Petersburg"]
[Date "1999.11.06"]
[Round "5"]
[White "Najer, Evgeniy"]
[Black "Smikovski, Ivan"]
[Result "1-0"]
[WhiteElo "2562"]
[BlackElo "2494"]
[PlyCount "109"]
[EventDate "1999.11.02"]
[Source "ChessBase"]
[SourceDate "2000.02.01"]

1. d4 Nf6 2. c4 g6 3. Nf3 Bg7 4. g3 O-O 5. Bg2 d5 6. cxd5 Nxd5 7. O-O Nf6 8. Nc3 Nc6 9. e3 Re8 10. Ne1 e5 11. d5 Na5 12. Nc2 e4 13. Nd4 Nxd5 14. Nxe4 Nc4 15. b3 Nd6 16. Nxd6 Qxd6 17. Bb2 Nb6 18. Qc2 c6 19. Rad1 Qe7 20. e4 Bg4 21. f3 Bd7 22. f4 c5 23. Ba3 Rac8 24. Qf2 Bg4 25. Rd2 Red8 26. e5 Qe8 27. Nc2 Rxd2 28. Qxd2 c4 29. Bxb7 Rd8 30. Qf2 cxb3 31. axb3 Qb5 32. Nd4 Qd7 33. Bf3 Bxf3 34. Nxf3 Qd3 35. Be7 Re8 36. Bc5 Qxb3 37. Ra1 Nd7 38. Bxa7 Ra8 39. Bd4 Rxa1+ 40. Bxa1 Bf8 41. Bd4 Qd3 42. Qe3 Qb1+ 43. Kf2 Qa2+ 44. Qd2 Qe6 45. Qe2 Qd5 46. g4 Bc5 47. Qe3 Bxd4 48. Qxd4 Qe6 49. Ng5 Qa2+ 50. Kg3 Qb3+ 51. Kf2 Qa2+ 52. Kg1 Nf8 53. Qe3 Qc2 54. h3 Qb2 55. Ne4 1-0

[Event "New York op"]
[Site "New York"]
[Date "1988.??.??"]
[Round "?"]
[White "Dlugy, Maxim"]
[Black "Gutman, Lev"]
[Result "1/2-1/2"]
[WhiteElo "2550"]
[BlackElo "2465"]
[PlyCount "120"]
[EventDate "1988.03.??"]
[Source "ChessBase"]

1. d4 Nf6 2. c4 g6 3. Nf3 Bg7 4. g3 O-O 5. Bg2 d5 6. cxd5 Nxd5 7. O-O c6 8. e4 Nc7 9. Nc3 Bg4 10. Be3 Qd6 11. Qd2 Rd8 12. Rfd1 Qb4 13. h3 Bxf3 14. Bxf3 c5 15. Ne2 Qxd2 16. Rxd2 Nc6 17. Rad1 Ne6 18. dxc5 Rxd2 19. Rxd2 Ne5 20. Kg2 Nc4 21. Rc2 Nxb2 22. Nf4 Nxf4+ 23. gxf4 Nd3 24. Rd2 Ne1+ 25. Kg3 Nxf3 26. Kxf3 e6 27. Rd7 Rb8 28. c6 bxc6 29. Rxa7 Bf8 30. a4 Rb3 31. Ke2 f5 32. e5 c5 33. a5 Ra3 34. a6 Kh8 35. Kd1 Ra2 36. Kc1 Kg8 37. Kb1 Ra4 38. Kb2 g5 39. fxg5 f4 40. Bd2 c4 41. Rc7 Rxa6 42. Bxf4 Ra4 43. Be3 c3+ 44. Kxc3 Rh4 45. Kd3 Rxh3 46. Ke4 Rh4+ 47. Kf3 Ra4 48. Bf4 Ra2 49. Bg3 Ra4 50. Kg2 h6 51. Rc6 hxg5 52. Rxe6 g4 53. Rf6 Be7 54. Rf4 Rxf4 55. Bxf4 Bh4 56. Bg3 Bg5 57. Kf1 Kf7 58. Ke2 Ke6 59. Kd3 Bd8 60. Ke4 Bc7 1/2-1/2

[Event "8th WUCC"]
[Site "Instanbul"]
[Date "2004.09.08"]
[Round "6"]
[White "Gagunashvili, Merab"]
[Black "Jianu, Vlad Cristian"]
[Result "1-0"]
[WhiteElo "2580"]
[BlackElo "2429"]
[PlyCount "91"]
[EventDate "2004.09.05"]
[Source "Roberto Alvarez"]
[SourceDate "2004.09.21"]

1. d4 Nf6 2. g3 d5 3. Bg2 g6 4. Nf3 Bg7 5. c4 O-O 6. cxd5 Nxd5 7. O-O Nc6 8. e3 a5 9. Nc3 Nb6 10. b3 a4 11. bxa4 e5 12. Ba3 Re8 13. Bc5 Nd7 14. Rc1 Nxc5 15. dxc5 Be6 16. Nd2 Re7 17. Nb3 Rd7 18. Qe2 Na5 19. Nxa5 Rxa5 20. c6 bxc6 21. Bxc6 Rd2 22. Rfd1 Rxd1+ 23. Rxd1 Qe7 24. Ne4 Bf8 25. Qd2 Ra6 26. Rc1 Qa3 27. Bb5 Ra7 28. Nf6+ Kh8 29. Rd1 Ra8 30. Qc2 Qc5 31. Qe4 Rb8 32. Nd7 Rd8 33. Qf3 Qe7 34. Nxe5 Rxd1+ 35. Qxd1 Qb4 36. h4 Bd6 37. Nc4 Be7 38. Ne5 Qe4 39. Qd4 Qb1+ 40. Kh2 Bf6 41. Qf4 Kg7 42. Ng4 Ba1 43. e4 Qxa2 44. Ne3 Qb2 45. Kg2 Qc1 46. Nf5+ 1-0

[Event "Cannes Martinez Open"]
[Site "Cannes FRA"]
[Date "1992.??.??"]
[Round "?"]
[White "Rotstein, Arkadij"]
[Black "Lanka, Zigurds"]
[Result "0-1"]
[WhiteElo "2515"]
[BlackElo "2490"]
[PlyCount "118"]
[EventDate "1992.07.??"]
[Source "www.chesslib.no"]
[SourceDate "2004.05.04"]

1. c4 Nf6 2. Nf3 g6 3. g3 Bg7 4. Bg2 d5 5. cxd5 Nxd5 6. d4 O-O 7. O-O c5 8. e4 Nf6 9. e5 Nd5 10. dxc5 Na6 11. Qe2 Nxc5 12. Rd1 b6 13. Qc4 e6 14. Bg5 Qc7 15. Nc3 Nxc3 16. Qxc3 a5 17. Bf6 Bb7 18. Bxg7 Kxg7 19. Rd6 Rfd8 20. Rad1 Kg8 21. Ng5 Bxg2 22. Kxg2 Qe7 23. Qe3 Rxd6 24. Rxd6 Rb8 25. h4 Qb7+ 26. Kg1 h6 27. Nf3 Qe4 28. Qxe4 Nxe4 29. Rc6 Nc5 30. Kf1 Nd3 31. Ke2 Nxb2 32. Nd2 b5 33. f4 b4 34. Ne4 a4 35. Kd2 Rd8+ 36. Nd6 a3 37. Kc2 Rb8 38. Rc7 Rf8 39. Rb7 f6 40. exf6 Rxf6 41. Rxb4 Rf8 42. Re4 g5 43. h5 gxf4 44. gxf4 Kg7 45. Rd4 Kf6 46. Kb3 e5 47. Rd2 Ra8 48. f5 Ra6 49. Rd5 Kg5 50. Nb5 Kxf5 51. Nxa3 Ke4 52. Rb5 Nd3 53. Nc4 Kd4 54. Na5 e4 55. Kc2 e3 56. Nb3+ Kc4 57. Ra5 Nb4+ 58. Kd1 Rxa5 59. Nxa5+ Kd3 0-1

[Event "It (Open) Moscow RUS"]
[Site "?"]
[Date "2006.02.13"]
[Round "7"]
[White "Moradiabadi Elshan"]
[Black "Nepomniachtchi Ian"]
[Result "1/2-1/2"]
[WhiteElo "2490"]
[BlackElo "2506"]
[PlyCount "84"]
[EventDate "2006.??.??"]
[Source "www.chesslib.no"]
[SourceDate "2004.05.04"]

1. d4 Nf6 2. Nf3 g6 3. c4 Bg7 4. g3 O-O 5. Bg2 d5 6. cxd5 Nxd5 7. O-O c5 8. e4 Nf6 9. e5 Nd5 10. dxc5 Na6 11. a3 Nxc5 12. b4 Ne6 13. Qb3 Nb6 14. Rd1 Qc7 15. Bb2 Bd7 16. Rc1 Qb8 17. a4 Bc6 18. Nbd2 a6 19. b5 axb5 20. axb5 Rxa1 21. Bxa1 Bd5 22. Qb4 Bh6 23. Re1 Rd8 24. Nf1 Qc7 25. Qh4 Bg7 26. Ne3 Qc5 27. Nxd5 Nxd5 28. Bf1 Qa3 29. Ng5 Nxg5 30. Qxg5 Qa5 31. Rd1 e6 32. Qc1 Bf8 33. Bd4 Qa4 34. Qa1 Qc2 35. Bd3 Qb3 36. Be2 Nb4 37. Qc3 Qa2 38. Bf3 Qa4 39. Qc4 Qa8 40. Be3 Rxd1+ 41. Bxd1 Nd5 42. Bd4 Qd8 1/2-1/2

[Event "Warsaw"]
[Site "Warsaw"]
[Date "1990.??.??"]
[Round "5"]
[White "Stempin, Pawel"]
[Black "Epishin, Vladimir"]
[Result "1/2-1/2"]
[WhiteElo "2445"]
[BlackElo "2550"]
[PlyCount "65"]
[EventDate "1990.01.??"]
[Source "ChessBase"]

1. d4 Nf6 2. Nf3 g6 3. c4 Bg7 4. g3 O-O 5. Bg2 d5 6. cxd5 Nxd5 7. O-O Nc6 8. Nc3 Nxc3 9. bxc3 e5 10. d5 Na5 11. e4 c6 12. Bg5 f6 13. Be3 b6 14. Qa4 cxd5 15. exd5 Bd7 16. Qb4 Rc8 17. Nd2 f5 18. Rac1 Rf7 19. Rfe1 Be8 20. f4 e4 21. c4 Rfc7 22. Bf1 Bf7 23. Nb3 Bf8 24. Qb5 Nb7 25. Nd4 Qf6 26. Qb1 Na5 27. Nb5 Rb7 28. Kh1 a6 29. Bd4 Qd8 30. Ba1 Bg7 31. Bxg7 Kxg7 32. Nd4 Qf6 33. Nb3 1/2-1/2

[Event "EU-Cup Gr2"]
[Site "Montana Crans"]
[Date "1976.01.14"]
[Round "3.1"]
[White "Portisch, Lajos"]
[Black "De Bruycker, Bernard"]
[Result "1-0"]
[WhiteElo "2625"]
[BlackElo "2370"]
[PlyCount "81"]
[EventDate "1976.01.??"]
[Source "www.chesslib.no"]
[SourceDate "2004.05.04"]

1. c4 g6 2. d4 Bg7 3. Nf3 Nf6 4. g3 O-O 5. Bg2 d5 6. cxd5 Nxd5 7. O-O Nc6 8. Nc3 Be6 9. e4 Nxc3 10. bxc3 Bc4 11. Re1 Na5 12. Qa4 c5 13. Bg5 f6 14. Bf4 b5 15. Qa3 cxd4 16. cxd4 e5 17. dxe5 fxe5 18. Rad1 Qb6 19. Nxe5 Bxe5 20. Bxe5 Qxf2+ 21. Kh1 Nc6 22. Ba1 Rae8 23. Qc3 Ne5 24. a3 Rf6 25. Rc1 Qb6 26. Red1 Ng4 27. Rd2 Ref8 28. h3 Ne3 29. Rf2 Nd5 30. Rxf6 Nxf6 31. Rd1 Qe6 32. Rd2 Kg7 33. Qb4 Kg8 34. Rd6 Qe7 35. Rxf6 Qxf6 36. Bxf6 Rxf6 37. e5 Re6 38. Qc5 a6 39. Bd5 Bxd5+ 40. Qxd5 Kf7 41. Kg2 1-0

[Event "Spring Open"]
[Site "Budapest HUN"]
[Date "1991.??.??"]
[Round "9"]
[White "Lempert, Igor"]
[Black "Dvoirys, Semen I"]
[Result "1/2-1/2"]
[WhiteElo "2425"]
[BlackElo "2560"]
[PlyCount "64"]
[EventDate "1991.03.??"]
[Source "www.chesslib.no"]
[SourceDate "2004.05.04"]

1. d4 Nf6 2. c4 g6 3. Nf3 Bg7 4. g3 d5 5. cxd5 Nxd5 6. Bg2 O-O 7. O-O Nc6 8. Nc3 Nxc3 9. bxc3 e5 10. e3 Be6 11. Ba3 Re8 12. Qa4 exd4 13. cxd4 Bd5 14. Rab1 b6 15. Rfc1 Na5 16. Rb2 c6 17. Nd2 Bxg2 18. Kxg2 c5 19. Bxc5 Rc8 20. Bxb6 axb6 21. Rxc8 Qxc8 22. Rxb6 Qa8+ 23. e4 Bh6 24. Nf3 Rc8 25. d5 Nc4 26. Ra6 Qb8 27. Rc6 Rxc6 28. Qxc6 Ne5 29. Nxe5 Qxe5 30. d6 Bf8 31. d7 Be7 32. Qa8+ Kg7 1/2-1/2

[Event "Cappelle Open"]
[Site "Cappelle la Grande FRA"]
[Date "1994.??.??"]
[Round "9"]
[White "Grabarczyk, Miroslaw"]
[Black "Dvoirys, Semen I"]
[Result "0-1"]
[WhiteElo "2435"]
[BlackElo "2550"]
[PlyCount "96"]
[EventDate "1994.02.??"]
[Source "www.chesslib.no"]
[SourceDate "2004.05.04"]

1. d4 Nf6 2. c4 g6 3. Nf3 Bg7 4. g3 d5 5. cxd5 Nxd5 6. Bg2 O-O 7. O-O Nc6 8. Nc3 Nxc3 9. bxc3 e5 10. d5 Na5 11. e4 c5 12. Qe2 b6 13. Bb2 Nb7 14. c4 Qe7 15. Nd2 Nd6 16. f4 a5 17. Rab1 Rb8 18. Ba1 Ba6 19. Rfc1 Rfe8 20. Re1 Qd7 21. Qd3 f6 22. Qc2 Bh6 23. Rf1 g5 24. fxe5 fxe5 25. Rf6 Bg7 26. Bh3 g4 27. Bxg4 Qxg4 28. Rxd6 Qe2 29. Qc1 Bh6 30. Rxh6 Qe3+ 31. Kg2 Qxh6 32. Qc3 Bc8 33. Nf3 Bg4 34. Re1 Rb7 35. Qe3 Qh3+ 36. Kg1 Bxf3 37. Qxf3 Rf7 38. Qg2 Qh5 39. g4 Qg5 40. Bc3 Ref8 41. Bd2 Qh4 42. Rd1 Rf2 43. Qg3 Qf6 44. Qh3 Re2 45. Be3 Qf3 46. Qxf3 Rxf3 47. Bh6 Rff2 48. d6 Rg2+ 0-1

[Event "Hartberg Open"]
[Site "Hartberg AUT"]
[Date "1991.??.??"]
[Round "5"]
[White "Ilincic, Zlatko"]
[Black "Uhlmann, Wolfgang"]
[Result "1-0"]
[WhiteElo "2470"]
[BlackElo "2510"]
[PlyCount "55"]
[EventDate "1991.07.??"]
[Source "www.chesslib.no"]
[SourceDate "2004.05.04"]

1. d4 Nf6 2. c4 g6 3. Nf3 Bg7 4. g3 d5 5. cxd5 Nxd5 6. Bg2 O-O 7. O-O Nc6 8. e4 Nb6 9. d5 Na5 10. Qe1 Nac4 11. Nc3 Bg4 12. b3 Nd6 13. e5 Ndc8 14. Nh4 f6 15. h3 Bd7 16. a4 c6 17. a5 Nxd5 18. a6 Ncb6 19. axb7 Rb8 20. Rxa7 g5 21. Nf3 Qc7 22. Ba3 g4 23. hxg4 fxe5 24. Nxd5 Nxd5 25. Qe4 h6 26. Rc1 Qb6 27. Bc5 Qxb3 28. Nd2 1-0

[Event "Berliner Sommer"]
[Site "Berlin"]
[Date "1996.??.??"]
[Round "7"]
[White "Kharitonov, Andrei Y"]
[Black "Gutman, Lev"]
[Result "1-0"]
[WhiteElo "2540"]
[BlackElo "2440"]
[PlyCount "59"]
[EventDate "1996.08.??"]
[Source "ChessBase"]

1. d4 Nf6 2. Nf3 g6 3. c4 Bg7 4. g3 O-O 5. Bg2 d5 6. cxd5 Nxd5 7. O-O c6 8. Nc3 Nxc3 9. bxc3 Qa5 10. Bg5 Re8 11. Qb3 Nd7 12. Bd2 Nb6 13. e4 Be6 14. c4 Qa6 15. d5 Bg4 16. Rac1 c5 17. Be3 Rac8 18. Nd2 Bd7 19. f4 e6 20. e5 exd5 21. cxd5 c4 22. Qb4 Bf8 23. d6 Bb5 24. Rfe1 Red8 25. Bd4 Bg7 26. Ne4 Na4 27. Bf2 h6 28. Nc3 Nxc3 29. Rxc3 g5 30. Ra3 1-0

[Event "Balaguer"]
[Site "?"]
[Date "2006.07.08"]
[Round "1"]
[White "Stohl Igor"]
[Black "Meszaros Michal"]
[Result "1-0"]
[WhiteElo "2558"]
[BlackElo "2420"]
[PlyCount "113"]
[EventDate "2006.??.??"]
[Source "www.chesslib.no"]
[SourceDate "2004.05.04"]

1. d4 Nf6 2. Nf3 g6 3. g3 Bg7 4. Bg2 O-O 5. c4 d5 6. cxd5 Nxd5 7. O-O Nc6 8. e4 Nb6 9. d5 Na5 10. Qe1 Nac4 11. Nc3 c6 12. b3 Ne5 13. Nxe5 Bxe5 14. Bh6 Re8 15. Rd1 Qd6 16. Qe3 Qb4 17. Ne2 cxd5 18. exd5 Bf6 19. Rc1 Bf5 20. Rc7 Nc8 21. h3 Qb6 22. Qxb6 axb6 23. g4 Bd3 24. Re1 Be5 25. Rcc1 Rxa2 26. Nc3 Bxc3 27. Rxc3 Be2 28. Re3 Bb5 29. Bg5 Rb2 30. d6 Nxd6 31. Bxe7 Nc8 32. Bf6 Rxe3 33. Rxe3 Re2 34. Rxe2 Bxe2 35. Bxb7 Nd6 36. Bd5 h5 37. f3 hxg4 38. fxg4 Bd3 39. Bd4 b5 40. Kf2 Kf8 41. Bc5 Ke7 42. Ke3 Bc2 43. h4 Kd7 44. Bxd6 Kxd6 45. Bxf7 Ke5 46. b4 Bd1 47. Bxg6 Bxg4 48. Bd3 Bd7 49. h5 Be8 50. h6 Kf6 51. Kd4 Kf7 52. Kc5 Kg8 53. Bxb5 Bg6 54. Bc4+ Kh7 55. b5 Kxh6 56. b6 Be4 57. Bd5 1-0

[Event "Linz Open"]
[Site "Linz AUT"]
[Date "1988.??.??"]
[Round "?"]
[White "Jukic, Mirko"]
[Black "Mikhalchishin, Adrian B"]
[Result "1-0"]
[WhiteElo "2450"]
[BlackElo "2490"]
[PlyCount "81"]
[EventDate "1988.??.??"]
[Source "www.chesslib.no"]
[SourceDate "2004.05.04"]

1. d4 Nf6 2. c4 g6 3. Nf3 Bg7 4. g3 O-O 5. Bg2 d5 6. cxd5 Nxd5 7. O-O Nc6 8. e4 Nb6 9. d5 Na5 10. Qe1 Nac4 11. Nc3 e5 12. b3 Nd6 13. a4 a5 14. Ba3 Re8 15. Qe2 Bg4 16. h3 Bxf3 17. Qxf3 Qd7 18. h4 f5 19. Bh3 Nbc8 20. Rfc1 Bf8 21. Rc2 Qf7 22. Qd3 Nxe4 23. Nxe4 Bxa3 24. Rxa3 fxe4 25. Qd2 Qg7 26. Be6+ Kh8 27. b4 axb4 28. Qxb4 Nd6 29. Rac3 Re7 30. a5 Ra6 31. Rc5 h6 32. Qc3 c6 33. Qb4 Kh7 34. dxc6 bxc6 35. Bh3 Nb5 36. Bf1 e3 37. fxe3 Qf6 38. Rxc6 Rxc6 39. Rxc6 Qxc6 40. Qxe7+ Kg8 41. Qxe5 1-0

[Event "JUG-ch"]
[Site "Novi Sad"]
[Date "1985.??.??"]
[Round "?"]
[White "Djuric, Stefan"]
[Black "Nikolic, Zivoslav"]
[Result "1-0"]
[WhiteElo "2470"]
[BlackElo "2470"]
[PlyCount "65"]
[EventDate "1985.02.??"]
[Source "ChessBase"]

1. c4 Nf6 2. d4 g6 3. g3 Bg7 4. Bg2 d5 5. cxd5 Nxd5 6. Nf3 O-O 7. O-O Nc6 8. e4 Nb6 9. d5 Nb8 10. Nc3 c6 11. Nd4 Na6 12. Nc2 cxd5 13. exd5 Nc7 14. Re1 e6 15. dxe6 Nxe6 16. Qe2 Rb8 17. Be3 Bd7 18. Rad1 Qe8 19. Nb4 Na4 20. Ne4 Kh8 21. Nd6 Qe7 22. Bxa7 Nxb2 23. Rd2 Ra8 24. Bd4 Bxd4 25. Rxd4 Qf6 26. Rd2 Na4 27. Ne4 Qe7 28. Nd5 Qa3 29. Qd1 Rfd8 30. Qa1+ Ng7 31. Nc7 Rab8 32. Nd6 Kg8 33. Nxf7 1-0

[Event "Barcza Memorial"]
[Site "Debrecen"]
[Date "1987.??.??"]
[Round "6"]
[White "Gauglitz, Gernot"]
[Black "Pribyl, Josef"]
[Result "0-1"]
[WhiteElo "2480"]
[BlackElo "2455"]
[PlyCount "128"]
[EventDate "1987.06.21"]
[Source "www.chesslib.no"]
[SourceDate "2004.05.04"]

1. d4 Nf6 2. c4 g6 3. Nf3 Bg7 4. g3 O-O 5. Bg2 d5 6. cxd5 Nxd5 7. O-O Nc6 8. e4 Nb6 9. d5 Na5 10. Qe1 Nac4 11. Nc3 c6 12. b3 Nd6 13. e5 Nf5 14. dxc6 bxc6 15. Qe4 Be6 16. Rd1 Bd5 17. Qe1 Qc7 18. Bf4 e6 19. Rac1 Qb7 20. Ne4 Nd7 21. g4 Ne7 22. g5 Nf5 23. Nf6+ Kh8 24. Bd2 Rfc8 25. Bc3 Bf8 26. Ne4 a5 27. Nd6 Nxd6 28. exd6+ Kg8 29. Ne5 Bxd6 30. Ng4 a4 31. Qe3 axb3 32. axb3 Qa7 33. Bd4 Qb8 34. Bxd5 cxd5 35. Qf3 Kf8 36. Nh6 Bxh2+ 37. Kh1 Qf4 38. Rxc8+ Rxc8 39. Qg2 Rc1 40. Rxc1 Qxc1+ 41. Kxh2 Qf4+ 42. Qg3 Qxd4 43. Ng4 Ke7 44. Kh3 Qd2 45. Kh4 Qb4 46. Qc7 Qd6 47. Qc1 d4 48. Qd2 Qc5 49. b4 Qc3 50. Qf4 d3 51. Ne3 d2 52. Nd1 Qc1 53. Qg4 Ne5 54. Qe2 Qc4+ 55. Qxc4 Nxc4 56. Kg4 Kd7 57. Kf4 Kc6 58. Nc3 Nb2 59. Ke5 d1=Q 60. Nxd1 Nxd1 61. f4 Ne3 62. Kf6 Nd5+ 63. Kxf7 Nxf4 64. Kf6 Kd6 0-1

[Event "Sankt_Peterburg"]
[Site "?"]
[Date "1994.??.??"]
[Round "?"]
[White "Krogius, N."]
[Black "Yuferov, S."]
[Result "1-0"]
[WhiteElo "2480"]
[BlackElo "2450"]
[PlyCount "59"]
[EventDate "1994.??.??"]
[Source "ChessBase"]
[SourceDate "1994.02.01"]

1. d4 Nf6 2. c4 g6 3. g3 d5 4. Bg2 Bg7 5. Nf3 O-O 6. cxd5 Nxd5 7. O-O c5 8. e4 Nf6 9. e5 Nd5 10. dxc5 Na6 11. Qe2 Nxc5 12. Rd1 e6 13. Bg5 Qa5 14. Bd2 Qa4 15. Nc3 Nxc3 16. Bxc3 b6 17. Nd4 Ba6 18. Qe3 Rac8 19. Bc6 Rxc6 20. b3 Qa3 21. Nxc6 Bb7 22. Bb4 Qa6 23. Rd6 Bxc6 24. Rxc6 Qb7 25. Bxc5 Re8 26. Rd6 bxc5 27. Rad1 Qc7 28. Qf4 Rf8 29. Rd7 Qa5 30. Qd2 1-0

[Event "Berkel-Open 2003 (A)"]
[Site "Gerscher"]
[Date "2003.09.13"]
[Round "3"]
[White "Lingnau, Carsten"]
[Black "Gutman, Lev"]
[Result "1-0"]
[WhiteElo "2424"]
[BlackElo "2501"]
[PlyCount "71"]
[EventDate "2003.09.13"]
[Source "Roberto Alvarez"]
[SourceDate "2003.09.22"]

1. Nf3 Nf6 2. c4 g6 3. g3 Bg7 4. Bg2 O-O 5. d4 d5 6. cxd5 Nxd5 7. O-O Nc6 8. Nc3 Nxc3 9. bxc3 Rb8 10. e4 b6 11. Qe2 Bb7 12. Bf4 Qd7 13. Rad1 Na5 14. h4 Qc6 15. Rfe1 Rbd8 16. h5 Bc8 17. Rc1 Nc4 18. d5 Qc5 19. Nd4 Na5 20. Be3 Qa3 21. Bf4 Qc5 22. hxg6 hxg6 23. Nb3 Qa3 24. Nxa5 Qxa5 25. Bxc7 Rd7 26. Bf4 Bxc3 27. Red1 Bg7 28. e5 e6 29. d6 Ba6 30. Qe3 Bb5 31. a3 Ba4 32. Re1 Kh7 33. Bf3 Re8 34. Kg2 Qb5 35. Bg5 Qb2 36. Qf4 1-0

[Event "Bela Crkva Open"]
[Site "Bela Crkva"]
[Date "1990.??.??"]
[Round "8"]
[White "Sideif-Sade, Fikret I"]
[Black "Dvoirys, Semen I"]
[Result "1/2-1/2"]
[WhiteElo "2380"]
[BlackElo "2535"]
[PlyCount "46"]
[EventDate "1990.??.??"]
[Source "www.chesslib.no"]
[SourceDate "2004.05.04"]

1. d4 Nf6 2. Nf3 g6 3. c4 Bg7 4. g3 d5 5. cxd5 Nxd5 6. Bg2 O-O 7. O-O Nc6 8. Nc3 Nxc3 9. bxc3 e5 10. e3 Be6 11. Qa4 Qd7 12. Rd1 exd4 13. exd4 Bg4 14. Bf4 Rad8 15. Rab1 Bxf3 16. Bxf3 Ne5 17. Qxd7 Nxf3+ 18. Kg2 Rxd7 19. Kxf3 c6 20. Re1 Rc8 21. Re2 f5 22. Rbe1 Kf7 23. Be5 Bf6 1/2-1/2